One 'gr'eat quiz Stats

 Plays Quiz not verified by Sporcle

Score 0/15 Timer 02:00
0 Plays Today
Hint Answer % Correct
Area on a golf course used for puttingGreen
90.3%
A thick substance used for lubrication or a movie starring John TravoltaGrease
87.1%
The protagonist in a book and films who stole ChristmasGrinch
83.9%
Non repayable money given to a charity, research firm or university studentGrant
80.6%
Term used to describe an incline or decline on a roadway or railway. Given as a percentage. Grade
80.6%
A thrown explosive with nicknames like 'pineapple' and 'potato masher'Grenade
77.4%
The structural rules governing the composition of phrases and words in languageGrammar
77.4%
Island nation in the CaribbeanGrenada
74.2%
Hint Answer % Correct
A deep, red coloured syrup often used in cocktailsGrenadine
71%
The process of shredding cheese or carrotsGrate
67.7%
Nickname of the NFL's New England Patriots tight endGronk
45.2%
Many fans debate debate who shot first, Han Solo or...Greedo
38.7%
A flared ring usually made from metal or plastic that's placed into a hole in thin material to prevent tearing Grommet
38.7%
Grain that is used to make flour. Also used to describe the mill used to grind the grain.Grist
35.5%
Common name of a species of bird native to North and South America. Sub species include: common, great-tailed and boat-tailedGrackle
16.1%

You're not logged in!

Compare scores with friends on all Sporcle quizzes.
OR
Log In

Sporcle TV

Today on Sporcle TV


Watch our educational content, quiz creation guides, and fun videos on Sporcle TV.

Show Comments

Extras

Created Jul 17, 2016ReportNominate
Tags:start

Top Quizzes Today


Score Distribution

Your Account Isn't Verified!

In order to create a playlist on Sporcle, you need to verify the email address you used during registration. Go to your Sporcle Settings to finish the process.

Report this User

Report this user for behavior that violates our Community Guidelines.

Details: